Législation constitutionnelle ou Recueil des contitutions françaises (Record no. 154166)

MARC details
000 -LEADER
campo de control de longitud fija 00858nam a22002175i 4500
001 - NÚMERO DE CONTROL
campo de control 154166
003 - IDENTIFICADOR DE NÚMERO DE CONTROL
campo de control ES-MaACL
005 - FECHA Y HORA DE LA ÚLTIMA TRANSACCIÓN
campo de control 20250809042455.0
008 - DATOS DE LONGITUD FIJA--INFORMACIÓN GENERAL
campo de control de longitud fija 040810s1820 fr |||| | fre d
040 ## - FUENTE DE CATALOGACIÓN
Centro catalogador/agencia de origen CAM
Lengua de catalogación spa
Centro/agencia transcriptor CAM
110 1# - ENTRADA PRINCIPAL--NOMBRE DE ENTIDAD CORPORATIVA
Nombre de entidad corporativa o nombre de jurisdicción como elemento de entrada Francia.
9 (RLIN) 134393
240 10 - TÍTULO UNIFORME
Título uniforme Constituciones
245 10 - MENCIÓN DEL TÍTULO
Título Législation constitutionnelle ou Recueil des contitutions françaises
Resto del título : précédées des Déclarations des Droits de l'homme et du citoyen publiées en Amérique et en France.
260 ## - PUBLICACIÓN, DISTRIBUCIÓN, ETC.
Lugar de publicación, distribución, etc. Paris :
Nombre del editor, distribuidor, etc. Corréad libraire,
Fecha de publicación, distribución, etc. 1820 (
Fabricante Imprimerie de P.-F. Dupont)
300 ## - DESCRIPCIÓN FÍSICA
Extensión 2 v. (127; 276 p.) ;
Dimensiones 20 cm.
650 #4 - PUNTO DE ACCESO ADICIONAL DE MATERIA--TÉRMINO DE MATERIA
Término de materia o nombre geográfico como elemento de entrada Constituciones-
Subdivisión geográfica Francia.
9 (RLIN) 222181
650 #7 - PUNTO DE ACCESO ADICIONAL DE MATERIA--TÉRMINO DE MATERIA
Término de materia o nombre geográfico como elemento de entrada Derechos humanos
Fuente del encabezamiento o término embne
9 (RLIN) 11770
740 01 - ENTRADA AGREGADA--TÍTULO RELACIONADO/ANALÍTICO NO CONTROLADO
Título relacionado o analítico no controlado Recueil des constitutions françaises.
852 ## - LOCALIZACIÓN
Ubicación ES-MaACL
Número de control de estantería C-2972
Nota libre -- Enc. pasta española
-- -- 2 t. en 1 v.
Holdings
Estatus retirado Estado de pérdida Estado de daño No para préstamo Colección Biblioteca de origen Biblioteca actual Ubicación en estantería Fecha de adquisición Fuente de adquisición Total de préstamos Signatura topográfica completa Código de barras Visto por última vez Precio de reemplazo Tipo de ítem Koha
        Libros del s. XIX Biblioteca del Ateneo de Madrid Biblioteca del Ateneo de Madrid Sala Palomar 17/01/2008     C-2972 1161204 23/02/2023 23/02/2023 Libro impreso antiguo